Statistiques concernant Les 10 Plus Grands Memes de Naps

Cliquez ici pour prendre le quiz!

Statistiques générales

  • Ce quiz a été pris 184 fois
  • Le résultat moyen est 4 sur 10

Statistiques - réponses

MemeRéponse% Correct
Style défini par Naps comme le sien quand on lui demande son style musicalMec de cité simple
80%
Club détesté par Naps présent sur une serviette lorsqu'il sort d'une piscineLe PSG
75%
Vidéo tournée sur un réseau social : "Avec le rappeur..."Snap
61%
Naps se fait insulter lorsqu'il confond cette ville en showcase en disant : "Ca va Ajaccio ?"Bastia
51%
Onomatopé prononcée par Naps de manière abusive lors de l'iterprétation de 6.3 sur SkyrockRING RING
49%
Blague de Naps quand on demande à Alonso de quel autre mère ils sont frèresLa méditérranée
35%
Nom donné par Naps aux fruits qu'il jette à des poissons en merFruits de terre
10%
Réaction de Naps lisant un commentaire twitter disant qu'il a inventé le rap pour alcooliquesJe vous baise tous
6%
Réaction de Naps lorsqu'on lui donne une photo d'un perroquet gris sur un fond blancT'as pas l'imprimante en couleur
3%
Phrase dite par Naps lors d'une interview Booska P dans la gova concernant la drogueViens on va toucher
3%

Distribution des résultats

Percentile par nombre de réponses

% des personnes avec chaque résultat

Votre développement - résultats

Vous n’avez pas pris ce quiz